000
00199 a2200097 4500
001
18024
100
_a
Sterm, S M
245
_a
Muslim studies
260
_a
_b
Allen & Unwin
_c
090
_c
13328
_d
13328
942
_a
NUST-CAE
_c
M
_c
3701
999
_c
253097
_d
253097